000 00464nmm a2200169Ia 4500
008 251105s9999||||xx |||||||||||||||||und||
020 _a8497423836
041 _aspa
100 _aArespacochaga, Joaquín
245 0 _aSientos
264 _a[Madrid, España] :
_bBiblioteca Nueva,
_c2004
300 _a90 páginas
490 _aPoesía clásica y moderna
650 _aSpanish poetry
856 _uhttps://public.digitaliapublishing.com/a/5186
942 _cCF
999 _c74162
_d74162